000 00538nam a2200193Ia 4500
001 34601
003 OSt
005 20160412103934.0
008 140418s9999 xx 000 0 und d
020 _aNA
040 _cPK-LaUMT
082 _a 891.4393
_bSAE-F
100 _aSaeed, Muhammad
245 _a(فتح فرانس)Fateh-e-France (Urdu)
_c(سعید، محمد)Saeed, Muhammad
260 _a(لاہور،پاکستان)Lahore,Pakistan:
_b(بسط ادب)Basat-e-Adab,
_c1964
300 _a367 P.
546 _aEN
942 _cBK
_2ddc
999 _c34119
_d34119